Sports Quiz

Random Sports or Auto Racing Quiz
Score 0/11 Timer 07:00
0 Plays Today
Race number Winner % Correct
900Lewis Hamilton
97.6%
1000Lewis Hamilton
97.6%
800Fernando Alonso
85.7%
400Niki Lauda
76.4%
600Jacques Villeneuve
71.6%
200Jackie Stewart
67.3%
1Giuseppe Farina
63.7%
500Nelson Piquet
58.8%
100Stirling Moss
55.4%
700Giancarlo Fisichella
52.9%
300Ronnie Peterson
36.3%
Remove Ads.
Support Sporcle.
Get the best of Sporcle when you Go Orange. This ad-free experience offers more features, more stats, and more fun while also helping to support Sporcle. Thank you for becoming a member.

You're not logged in!

Compare scores with friends on all Sporcle quizzes.
OR
Log In

Sporcle TV

Today on Sporcle TV


Watch our educational content, quiz creation guides, and fun videos on Sporcle TV.

Show Comments

Extras

Top Quizzes Today


Score Distribution

Paid Content

Your Account Isn't Verified!

In order to create a playlist on Sporcle, you need to verify the email address you used during registration. Go to your Sporcle Settings to finish the process.

Report this User

Report this user for behavior that violates our Community Guidelines.

Details: